00823cam a22002173a 450000100060000000300060000600500170001200800410002904000150007004200070008505000070009210000430009924502270014226000290036950600300039851600200042865300370044865300490048583000290053485600420056317302PGUSA20140828083353.0051213s2005||||xxu|||||s|||||000 | eng d aPGUSAbeng adc 4aTA1 aCresson, Benjamin Franklin,d1873-192310aTransactions of the American Society of Civil Engineers, vol. LXVIII, Sept. 1910 :bThe New York Tunnel Extension of the Pennsylvania Railroad The Terminal Station - Westh[electronic resource] /cBenjamin Franklin Cresson bProject Gutenberg,c2005 aPublic domain in the USA. aElectronic text aCivil engineering -- Periodicals aRailroad stations -- Design and construction 0aProject Gutenbergv1730240uhttp://www.gutenberg.org/ebooks/17302